000 00907nam a2200193Ia 4500
008 151119s9999||||xx |||||||||||||| ||und||
082 _a137
082 _bGKKV19826
100 _aशिरवाडकर विश्राम
245 _aप्रभावी आणि यशस्वी व्यक्तिमत्व घडविण्याचे दहा सूत्रे
260 _a--
260 _b--
260 _c0
600 _aशिरवाडकर विश्राम
630 _aप्रभावी आणि यशस्वी व्यक्तिमत्व घडविण्याचे दहा सूत्रे
700 _aशिरवाडकर विश्राम
730 _aप्रभावी आणि यशस्वी व्यक्तिमत्व घडविण्याचे दहा सूत्रे
942 _cBOOK
999 _c1072739
_d1072736